Tứ sắc tình yêu : Tập truyện ngắn

Spremljeno u:
Bibliografski detalji
Glavni autor: Tôn, Nữ Thanh Yên
Format: Knjiga
Jezik:Undetermined
Izdano: Thành phố Hồ Chí Minh Văn hóa Sài Gòn 2005
Teme:
Oznake: Dodaj oznaku
Bez oznaka, Budi prvi tko označuje ovaj zapis!
Thư viện lưu trữ: Trung tâm Học liệu Trường Đại học Cần Thơ
LEADER 00631nam a2200217Ia 4500
001 CTU_112778
008 210402s9999 xx 000 0 und d
020 |c 25000 
082 |a 895.922301 
082 |b Y254 
100 |a Tôn, Nữ Thanh Yên 
245 0 |a Tứ sắc tình yêu : 
245 0 |b Tập truyện ngắn 
245 0 |c Tôn Nữ Thanh Yên 
260 |a Thành phố Hồ Chí Minh 
260 |b Văn hóa Sài Gòn 
260 |c 2005 
650 |a Short stories, vietnamese 
650 |y 21st century 
904 |i Minh 
980 |a Trung tâm Học liệu Trường Đại học Cần Thơ